| 000 | 00806nam a22002417a 4500 | ||
|---|---|---|---|
| 005 | 20100802141849.0 | ||
| 010 | _aENG-97283 | ||
| 020 |
_a9788173716249 _c350.00 |
||
| 035 | _aEN-80816 | ||
| 037 | _bDBAD/PUB | ||
| 082 | _a530.12 | ||
| 100 |
_aPradhan, Trilochan _95998 |
||
| 245 |
_aQuantum mechanics / _cby Trilochan Pradhan |
||
| 260 |
_aHydrabad _bUniversities Press _c2008 |
||
| 270 |
_a3-6-747/1/A & 3-6-754/1,Himayat nagar _bHydrabad _e110002 |
||
| 300 |
_aix,240p. _c23 cm(pbk) |
||
| 500 | _aIncludes indexes. | ||
| 700 | _93949 | ||
| 700 | _94010 | ||
| 700 |
_aSharma, M.K _93968 |
||
| 942 |
_2ddc _cEN _h530.12 _mPRA |
||
| 999 |
_c38668 _d38668 |
||